| 000 | 00861cam a2200277 i 4500 | ||
|---|---|---|---|
| 999 |
_c4568 _d4568 |
||
| 001 | 1305354 | ||
| 003 | OSt | ||
| 005 | 20220324110539.0 | ||
| 008 | 781020s1978 mau b 001 0 eng | ||
| 010 | _a 77079454 | ||
| 020 | _a0201025132 | ||
| 040 |
_aDLC _cDLC _dDLC |
||
| 050 | 0 | 0 |
_aRC504 _b.P77 1978 |
| 082 | 0 | 0 | _a616.8/917 |
| 245 | 0 | 0 |
_aPsychoanalytic psychotherapy / _cedited by George D. Goldman, Donald S. Milman. |
| 260 |
_aReading, Mass. : _bAddison-Wesley Pub. Co., _cc1978. |
||
| 300 |
_axv, 176 p. ; _c21 cm. |
||
| 440 | 0 | _aAddison-Wesley series in clinical and professional psychology | |
| 500 | _aIncludes index. | ||
| 504 | _aBibliography: p. 168-172. | ||
| 650 | 0 | _aPsychoanalysis. | |
| 700 | 1 | _aGoldman, George D. | |
| 700 | 1 |
_aMilman, Donald S., _d1924- |
|
| 906 |
_a7 _bcbc _corignew _d2 _eopcn _f19 _gy-gencatlg |
||
| 942 |
_2lcc _cBK _nDO |
||